Approach to classification for students of librarianship / (Record no. 406)
[ view plain ]
| 000 -LEADER | |
|---|---|
| fixed length control field | 00762cam a2200265 a 4500 |
| 001 - CONTROL NUMBER | |
| control field | 406 |
| 003 - CONTROL NUMBER IDENTIFIER | |
| rucl marc code | BD-RJUL |
| 005 - DATE AND TIME OF LATEST TRANSACTION | |
| control field | 20211208233155.0 |
| 008 - FIXED-LENGTH DATA ELEMENTS--GENERAL INFORMATION | |
| fixed length control field | 131118s1973 enk b 001 0 eng |
| 020 ## - INTERNATIONAL STANDARD BOOK NUMBER | |
| International Standard Book Number | 0851571484 |
| 035 ## - SYSTEM CONTROL NUMBER | |
| System control number | (BD-RjUL)423 |
| 040 ## - CATALOGING SOURCE | |
| Original cataloging agency | DLC |
| Transcribing agency | DLC |
| Modifying agency | m.c |
| -- | BD-RJUL |
| Language of cataloging | eng |
| 041 ## - LANGUAGE CODE | |
| Language code of text/sound track or separate title | eng |
| 082 04 - DEWEY DECIMAL CLASSIFICATION NUMBER | |
| Edition number | 16 |
| Classification number | 025.4 |
| Author mark and year | LAA 1973 |
| 099 ## - LOCAL FREE-TEXT CALL NUMBER (OCLC) | |
| Bangla Class number | *ML Lib - S - 1VH3 |
| 100 1# - MAIN ENTRY--PERSONAL NAME | |
| Personal name | Langridge, Derek Wilton. |
| 9 (RLIN) | 1268 |
| 245 10 - TITLE STATEMENT | |
| Title | Approach to classification for students of librarianship / |
| Statement of responsibility, etc. | Derek Langridge. |
| 260 ## - PUBLICATION, DISTRIBUTION, ETC. (IMPRINT) | |
| Place of publication, distribution, etc. | London : |
| Name of publisher, distributor, etc. | Bingley, |
| Date of publication, distribution, etc. | 1973 |
| 300 ## - PHYSICAL DESCRIPTION | |
| Pagination | 122 p. ; |
| Size | 23 cm |
| 504 ## - BIBLIOGRAPHY, ETC. NOTE | |
| Bibliography, etc | Includes index. |
| 526 ## - STUDY PROGRAM INFORMATION NOTE | |
| Requested Dept. | Information Science and Library Management |
| 650 #0 - SUBJECT ADDED ENTRY--TOPICAL TERM | |
| Topical term or geographic name as entry element | Classification |
| General subdivision | Books. |
| 9 (RLIN) | 1269 |
| 942 ## - ADDED ENTRY ELEMENTS (KOHA) | |
| Source of classification or shelving scheme | Dewey Decimal Classification |
| Koha item type | Books |
| Lost status | Source of classification or shelving scheme | Damaged status | Not for loan | Collection code | Permanent Location | Current Location | Shelving location | Date acquired | Total Checkouts | Full call number | Date last seen | Copy number | Koha item type | Source of acquisition |
|---|---|---|---|---|---|---|---|---|---|---|---|---|---|---|
| Dewey Decimal Classification | Non-fiction | Central Library, University of Rajshahi | Central Library, University of Rajshahi | 11/12/1988 | 025.4 LAA 1973 | 18/11/2013 | C-2 | Books | ||||||
| Dewey Decimal Classification | Non-fiction | Central Library, University of Rajshahi | Central Library, University of Rajshahi | 11/12/1988 | 025.4 LAA 1973 | 18/11/2013 | C-3 | Books | Britain gift | |||||
| Dewey Decimal Classification | Non-fiction | Central Library, University of Rajshahi | Central Library, University of Rajshahi | 11/12/1988 | 025.4 LAA 1973 | 18/11/2013 | C-4 | Books | ||||||
| Dewey Decimal Classification | Non-fiction | Central Library, University of Rajshahi | Central Library, University of Rajshahi | 11/12/1988 | 025.4 LAA 1973 | 18/11/2013 | C-5 | Books | ||||||
| Dewey Decimal Classification | Not For Loan | Non-fiction | Central Library, University of Rajshahi | Central Library, University of Rajshahi | Reading Room | 11/12/1988 | 025.4 LAA 1973 | 01/12/2016 | C-1 | Books | Britain |